000 00819 a2200193 4500
020 _a1562762087 :
040 _aDLC
_bDLC
082 0 0 _a006.6
100 1 _aHolsinger, Erik.
245 1 0 _aHow multimedia works
_cErik Holsinger ; illustrated by Nevin Berger ; [foreword by Richard Hart].
260 _aEmeryville, Calif. :
_bZiff-Davis Press,
_cc1994.
300 _axv, 198 p. :
_bcol. ill. ;
_c27 cm.
490 1 _aHow it works
500 _aIncludes index.
505 1 _aInside a multimedia title -- Multimedia system software and hardware -- Understanding digital video -- Understanding digital audio -- Alternate distribution platforms -- CD-ROMs and laser discs -- Interactive entertainment.
650 0 _aMultimedia systems.
830 0 _aHow it works series (Emeryville, Calif.)
942 _cBK
_k006.6 HOL
_2ddc
999 _c6877
_d6877